| 000 | 01131cab a22002295a 4500 | ||
|---|---|---|---|
| 001 | L143041 | ||
| 008 | 080215s2008 xxkad f 000 0 eng d | ||
| 035 | _a(Sirsi) u143041 | ||
| 041 | 0 | _aeng | |
| 100 | 1 | _aTee, Andrew | |
| 245 | 0 | 0 | _aHow will your premises rate on the green scale? |
| 260 | _c2008 | ||
| 490 | 0 |
_aFacilities Management _v15(6) March 2008, 10-11(2) |
|
| 520 | _aGives advice on how to prepare for the introduction of commercial energy performance certificates (EPCs) and the new requirements they involve. Covers: definition of EPCs; impact of the ratings; how to prepare an EPC; multi-let and multi-use buildings; first steps; the implications for occupiers; public sector occupiers and the private sector. | ||
| 590 | _aKA | ||
| 650 | 2 | 4 | _aCOMMERCIAL ENERGY PERFORMANCE CERTIFICATES |
| 650 | 2 | 4 | _aEUROPEAN ENERGY PERFORMANCE OF BUILDINGS DIRECTIVE 2002/91/EC |
| 650 | 2 | 4 | _aENERGY PERFORMANCE OF BUILDINGS (CERTIFICATES AND INSPECTIONS) (ENGLAND AND WALES) REGULATIONS 2007 |
| 651 | 4 |
_aUnited Kingdom _y |
|
| 690 | _aENVIRONMENTAL AND LAND CONSULTANCY-ENERGY-ENERGY USE-ENERGY EFFICIENCY | ||
| 942 | _n0 | ||
| 999 |
_c80034 _d80034 |
||